載入...

Modern auditing

書目詳細資料
主要作者: Kell, Walter G
其他作者: Ziegler, Richard E
格式: Printed Book
語言:Undetermined
English
出版: New York John Wiley and Sons ,Inc 1983
版:2
主題:
LEADER 00628nam a2200217Ia 4500
008 140306s9999 xx 000 0 und d
020 |a 0471888362 
041 |a eng 
082 |a 657.45  |b KEL/MO 
100 |a Kell, Walter G 
245 |a Modern auditing 
250 |a 2 
260 |a New York  |b John Wiley and Sons ,Inc  |c 1983 
300 |a 706 
365 |b USD.8.50 
650 |a Audit sampling 
650 |a Public accounting 
700 |a Ziegler, Richard E 
942 |2 ddc  |c BK 
999 |c 182259  |d 182259 
952 |0 0  |1 0  |2 ddc  |4 0  |6 657_450000000000000_KEL_MO  |7 0  |9 187945  |a KAUCBV  |b KAUCBV  |g 8.50  |o 657.45 KEL/MO  |r 2014-03-22  |w 2014-03-22  |y BK